header

iPod & iTunes portable genius (Record no. 48323)

MARC details
000 -LEADER
fixed length control field 01365nam a2200361Ia 4500
100 1# - MAIN ENTRY--AUTHOR NAME
Personal name Hollington, Jesse David.
245 10 - TITLE STATEMENT
Title iPod & iTunes portable genius
260 ## - PUBLICATION, DISTRIBUTION, ETC. (IMPRINT)
Place of publication Indianapolis, IN :
Name of publisher Wiley Pub.,
Year of publication c2009.
300 ## - PHYSICAL DESCRIPTION
Number of Pages xviii, 349 p. :
Other physical details col. ill.
490 1# - SERIES STATEMENT
Series statement Portable genius
500 ## - GENERAL NOTE
General note Includes index.
650 #0 - SUBJECT ADDED ENTRY--TOPICAL TERM
Topical Term Digital jukebox software.
Topical Term iPod (Digital music player)
Topical Term iPod (Digital music player)
Topical Term Music
856 40 - ELECTRONIC LOCATION AND ACCESS
Uniform Resource Identifier http://site.ebrary.com/lib/rucke/Doc?id=10346199

No items available.

© 2026 Rongo University
Contact us: librarian | system librarian | Rongo university